书目信息 |
| 题名: |
室内体育教学
|
|
| 作者: | 李习友 , 张耀辉 编 | |
| 分册: | ||
| 出版信息: | 北京 人民体育出版社 1981 |
|
| 页数: | 97页 | |
| 开本: | 19cm | |
| 丛书名: | ||
| 单 册: | ||
| 中图分类: | G633.96 | |
| 科图分类: | ||
| 主题词: | 教学法-体育--中学 , 体育-教学法--中学 | |
| 电子资源: | ||
| ISBN: | ||
| 000 | 00755nam0 2200265 45 | |
| 001 | 0181009033 | |
| 005 | 20060420142652.90 | |
| 010 | @dCNY0.28 | |
| 091 | @a7015.1946 | |
| 100 | @a19950509d1981 em y0chiy0121 ea | |
| 101 | 0 | @achi |
| 102 | @aCN@b110000 | |
| 105 | @ay z 000yy | |
| 200 | 10 | @a室内体育教学@Ashi nei ti yu jiao xue@f李习友,张耀辉编@Fli xi you,zhang yao hui bian |
| 210 | @a北京@c人民体育出版社@d1981 | |
| 215 | @a97页@d19cm | |
| 300 | @a中小学体育教师参考书 | |
| 606 | @a教学法-体育@x中学 | |
| 606 | @a体育-教学法@x中学 | |
| 690 | @aG633.96@v3 | |
| 701 | 0 | @a李习友@Ali xi you@4编 |
| 701 | 0 | @a张耀辉@Azhang yao hui@4编 |
| 801 | 2 | @aCN@bNLC@c20060420 |
| 801 | 0 | @aCN@b上海图书馆@c20040506 |
| 905 | @f1@b174153@dG633.96@e11 | |
| 室内体育教学/李习友,张耀辉编.-北京:人民体育出版社,1981 |
| 97页;19cm |
| 中小学体育教师参考书 |
| ISBN :CNY0.28 |
| ● |
| 相关链接 |
|
|
|
|
正题名:室内体育教学
索取号:G633.96/11
 
预约/预借
| 序号 | 登录号 | 条形码 | 馆藏地/架位号 | 状态 | 备注 |
| 1 | 0174152 | 202253998 | 密集书库/ [索取号:G633.96/11] | 在馆 | |
| 2 | 0174153 | 000601110 | 密集书库/ [索取号:G633.96/11] | 在馆 | |
| 3 | 0174154 | 001583744 | 第一样本阅览室/ [索取号:G633.96/11] | 在馆 |